|
|
|
|
| LEADER |
00943nab#a2200337#ar4500 |
| 001 |
000041007 |
| 003 |
SVKKK |
| 005 |
00000000000000.0 |
| 008 |
c xo e sloo |
| FMT |
|
|
|
| 038 |
|
|
|a SVKKK
|
| 040 |
|
|
|a SVKKK
|b slo
|e AACR2
|
| 041 |
0 |
|
|a slo
|
| 044 |
|
|
|a xo
|c SK
|
| 080 |
|
|
|a 266:28
|2 1981
|
| 080 |
|
|
|a 323.11
|2 1981
|
| 080 |
|
|
|a 82.0
|2 1981
|
| 100 |
0 |
|
|a T.H.
|4 aut
|
| 245 |
1 |
0 |
|a P. Michal Slivka SVD: "40 rokov misionárom v Indii"
|c T.H. ,
|
| 300 |
|
|
|b Obr. 1
|
| 600 |
1 |
4 |
|a Slivka, Michal,
|c SVD,
|d ?,
|x misionár rím. kat. sl.
|
| 650 |
0 |
4 |
|a misie náboženské
|x India
|z Slováci v zahraničí
|x publikácie
|x recenzie
|
| 773 |
0 |
|
|t Katolícke noviny
|g Roč. 113, č. 5(1998), s. 24
|
| 787 |
0 |
8 |
|i Recenze na:
|a Slivka, Michal
|t 40 rokov misionárom v Indii
|d , 1997
|
| 957 |
|
|
|a Spišský Štiavnik
|
| 958 |
|
|
|a PP
|
| 974 |
|
|
|d 980325
|a SAB
|
| 992 |
|
|
|a RBX
|
| BAS |
|
|
|
| 852 |
|
|
|a SVKKK
|b BIB
|
| 998 |
|
|
|a REG
|